Piosenki zespołu Milano - nagła śmierć - Statystyki

Ogólne statystyki
  • Ten quiz został rozwiązany 24 razy
  • Średni wynik to 6 z 8
Answers on the Grid
Answers color-coded by a green-red scale on the quiz's grid according to % correct below.
O Tobie kochana
Mandacik
Największe serce
Zbuntowany anioł
Mleczko
Dla Ciebie dziewczyno
Jesteś szalona
Ze mną bądź
Bara bara
Kochana moja
Zerujemy 07
Ona czuje we mnie piniądz
Serce to nie sługa
Jakbyś mnie zechciał
Jasnowłosa
Ja będę z Tobą
 
Statystyki odpowiedzi
Odpowiedź % Poprawnych
O Tobie kochana
95%
Jasnowłosa
86%
Serce to nie sługa
76%
Bara bara
71%
Dla Ciebie dziewczyno
71%
Ja będę z Tobą
71%
Największe serce
67%
Kochana moja
62%
Nie znaleziono quizów pasujących do podanych kryteriów
Rozkład punktacji
Procent ludzi z każdym wynikiem
Percentyl według liczby udzielonych odpowiedzi
Twoja historia wyników
Nie rozwiązałeś tego quizu